=LDR 00000nam 2200000 4500 =001 INLIS000000000007271 =005 20200309075303 =035 ##$$a 0010-061300000007271 =008 200309################g##########0#ind## =041 ##$$a Ind =082 ##$$a 248 =090 ##$$a 248, Ber =245 ##$$a Berita pembebasan bagi kaum wanita, /$c World Council of Chuches =260 ##$$a Jakarta :$b Gunung Mulia,$c 1994 =300 ##$$a 88 hlm, ; $c 13 x 20 cm =650 #4$$a Wanita-hidup kerohanian =020 ##$$a 979-415-065-7 =084 ##$$a 248 BER =250 ##$$a cet.1 =990 ##$$a 73.154/Pro.94 =990 ##$$a 112.546/Pro.97 =990 ##$$a 73.155/Pro.94 =990 ##$$a 112.545/Pro.97 =990 ##$$a 112.544/Pro.94 =990 ##$$a 112.544/Pro.94 =990 ##$$a 73.154/Pro.94 =990 ##$$a 112.546/Pro.97 =990 ##$$a 73.155/Pro.94 =990 ##$$a 112.545/Pro.97 =990 ##$$a 112.545/Pro.97 =990 ##$$a 73.154/Pro.94 =990 ##$$a 112.546/Pro.97 =990 ##$$a 73.155/Pro.94 =990 ##$$a 112.544/Pro.94 =990 ##$$a 73.155/Pro.94 =990 ##$$a 73.154/Pro.94 =990 ##$$a 112.546/Pro.97 =990 ##$$a 112.545/Pro.97 =990 ##$$a 112.544/Pro.94 =990 ##$$a 112.546/Pro.97 =990 ##$$a 73.154/Pro.94 =990 ##$$a 73.155/Pro.94 =990 ##$$a 112.545/Pro.97 =990 ##$$a 112.544/Pro.94 =990 ##$$a 73.154/Pro.94 =990 ##$$a 112.546/Pro.97 =990 ##$$a 73.155/Pro.94 =990 ##$$a 112.545/Pro.97 =990 ##$$a 112.544/Pro.94